Guess the lyrics (#31) - Statistics

General Stats
  • This quiz has been taken 234 times
  • The average score is 136 of 306
Answer Stats
Answer % Correct
I
98%
"I
98%
a
97%
the
91%
The
91%
"You
91%
an
89%
We
87%
we
87%
be"
84%
be
84%
He
84%
When
84%
when
84%
love
83%
to
83%
where
82%
me
81%
and
80%
And
80%
in
80%
it
78%
she
77%
She
77%
on
75%
her
73%
Her
73%
my
71%
No
70%
of
70%
that
70%
could
67%
so
67%
there
67%
are
66%
we're
66%
for
63%
I'm
62%
would
61%
not
59%
was
59%
like
58%
If
57%
said
57%
said,
57%
This
57%
all
56%
by
54%
it's
53%
us
52%
time
49%
up
48%
at
47%
just
47%
had
46%
our
46%
girl
45%
But
44%
but
44%
from
43%
never
42%
some
42%
with
42%
won't
42%
got
41%
night
41%
Out
40%
out
40%
down
38%
thought
38%
now
37%
I'd
36%
or
35%
come
32%
here
32%
she's
30%
nothing
27%
two
26%
make
25%
took
25%
came
24%
left
24%
more
24%
always
23%
feel
22%
into
21%
away
20%
gave
20%
something
20%
there's
20%
may
19%
tell
18%
flowers
17%
looked
17%
put
17%
she'd
17%
happen
16%
really
15%
seen
15%
mother
14%
Alone
13%
another
13%
nights
13%
other
13%
stop
12%
through
12%
year
10%
ain't
9%
beg
9%
better
9%
fire
9%
Late
9%
each
8%
lady"
8%
room
8%
spent
8%
street
8%
inside
7%
little
7%
years
7%
Arms
6%
bought
6%
hours
6%
job
6%
junction
6%
older
6%
ready
6%
bar
5%
became
5%
Clapham
5%
kissing
5%
morning
5%
moved
5%
smelly
5%
stayed
5%
telly,
5%
telly
5%
thoughts
5%
week
5%
worked
5%
basement
4%
birth
4%
daughter,
4%
drinking
4%
forgiveness
4%
forgotten
4%
handy
4%
hooked
4%
later
4%
Monday
4%
started
4%
winter,
4%
although
3%
Common
3%
dealt
3%
devil
3%
doctor
3%
eleven
3%
engagement
3%
evenings
3%
kicks
3%
kitchen
3%
letter
3%
minutes
3%
missing
3%
nifty
3%
passions
3%
"Perhaps,"
3%
Railway
3%
rather
3%
rations
3%
sell
3%
soldier
3%
Stanley
3%
Sunday
3%
windy
3%
within
3%
write
3%
4:50
2%
assumption
2%
bath
2%
begging's
2%
bitter
2%
bookie
2%
brass
2%
business
2%
incubator
2%
mother's
2%
nappies
2%
proper
2%
stinging
2%
tenner
2%
thirty
2%
walker
2%
weather
2%
No matching quizzes found
Score Distribution
Percent of People with Each Score
Percentile by Number Answered
Your Score History
You have not taken this quiz